000 00596nam a2200205Ia 4500
005 20250508150543.0
008 008 250505s9999 xx 000 0 eng d
037 _aTextual
040 _aFEDL
_beng
_cFEDL
041 _aeng
_2eng
084 _a371.3, YOA
_qFEDL
100 _aYoakam Gerald A
_9140316
245 0 _aModern methods and techniques of teaching
260 _aNew York, USA
_bThe Macmillan Company
_c1948
300 _aviii,435p
650 _aTeaching Technique
700 _a Simpson Robert G
_9757001
942 _cTEXL
_h371.3, YOA
999 _c1324222
_d1324222